00964na a2200265 450000100060000000300080000600500170001400800410003102000180007203500100009004000250010008200180012510000200014324501570016326000660032030000240038649000670041049000530047750400290053065000400055965000390059965000150063870000260065370000190067912658MIRAKIL20181213155207.0160812b tu 000 0  a9786053993674 a12658 aMilasbturcTR-AnCHP a150.195bA66b aApprey, Maurice aBir yazma kenlenmesi ve saldırganlığın yüceltilmesi vakasının analizicMaurice Apprey ; Çeviren Evin Kantemir ; Editör Berrak Ciğeroğlu aİstanbulbİstanbul Bilgi Üniversitesi Yayınlarıc2014 axii, 201 s.c23 sm. aPsike İstanbul Psikanaliz Kitaplığı Şimdi ve Buradav5 aİstanbul Bilgi Üniversitesi yayınlarıv492 aKaynakça ve dizin var. aHekim ve hastaxPsikoanalitik yorum aErtelemecilikxPsikoanalitik yorum aPsikanaliz aCiğeroğlu, Berrak aKantemir, Evin